| 000 | 00807nas a2200265 4500 | ||
|---|---|---|---|
| 001 | BR9201012 | ||
| 003 | BR-BrBNA | ||
| 005 | 20231205092334.0 | ||
| 007 | ta | ||
| 008 | 230509b bl.|||p| |||| 00| 00por d | ||
| 040 |
_aBR-BrBNA _bpor _cBiblioteca Nacional de Agricultura |
||
| 041 | _a(Pt) | ||
| 072 | _aH20; P34 | ||
| 100 | 1 | _aCarneiro, J.S. | |
| 245 | 1 | _aFungos associados a rizosfera de Pinus caribaea Mor. e Eucalyptus grandis W. Hill ex Maiden no periodo seco, na regiao do cerrado | |
| 650 | _aEUCALIPTO | ||
| 650 | _aCANCRO | ||
| 650 | _aFERRUGEM | ||
| 650 | _aRIZOSFERA | ||
| 650 | _aFLORESTA | ||
| 650 | _aREFLORESTAMENTO | ||
| 773 | 0 |
_tBrasil Florestal (Brazil) _x _g(Apr-Jun 1988), v. 15(64) p. 21-27 _wBR9201012 |
|
| 909 |
_a202311 _bLúcia _c55 _dLúcia Elande |
||
| 942 |
_2AGRIS _n0 _cANA |
||
| 999 |
_c131037 _d131037 |
||